| 000 | 00640nam a2200229Ia 4500 | ||
|---|---|---|---|
| 001 | 5303 | ||
| 003 | GE_BSU | ||
| 008 | 181216s||||||||xx |||||||||||||| ||und|| | ||
| 040 | _cGE_BSU | ||
| 080 | _a511(075.8) | ||
| 100 | _aВиноградов, И.М. | ||
| 245 | _aОсновы теории чисел. | ||
| 245 | _bУчебник для гос. ун-тов. | ||
| 245 | _cГл. ред. физ.-мат. лит-ры. | ||
| 250 | _aИзд. 8-ОЕ, исправ. | ||
| 260 | _aМосква | ||
| 260 | _bНаука | ||
| 260 | _c1972 | ||
| 300 | _a167 с. 20 см. | ||
| 653 | _aОсновы теории чисел. | ||
| 942 | _cBK | ||
| 999 |
_c38889 _d38889 |
||